[Event "AUTO-INT-2188"]
[Site "http://www.queenalice.com/game.php?id=1004441"]
[Date "2011.11.3"]
[Round "1"]
[White "drglaucoprado"]
[Black "Clayton"]
[Result "0-1"]
[WhiteElo "1524"]
[BlackElo "1518"]

1. d4 d5 2. b3 c5 3. dxc5 e5 4. Bb2 Nc6 5. e4 d4 6. Bb5 Bxc5 7. Ne2 Nf6 8. f3
Qa5+ 9. Nd2 Qxb5 10. c4 Qb6 11. Ng3 Nb4 12. a3 Nd3+ 13. Kf1 Nxb2 14. Qc2 Nxc4
15. Qxc4 O-O 16. b4 Bd6 17. Nf5 Be6 18. Qd3 Rac8 19. Kf2 Rc3 20. Qe2 Rfc8 21.
Nxd6 Qxd6 22. Qb5 Rc2 23. Rhd1 b6 24. Qa6 d3 25. Qxa7 Rxd2+ 26. Rxd2 Qd4+ 27.
Kg3 Qxa1 28. Rxd3 Qe1# 0-1

[Event "AUTO-INT-2188"]
[Site "http://www.queenalice.com/game.php?id=1004442"]
[Date "2011.11.3"]
[Round "1"]
[White "Clayton"]
[Black "drglaucoprado"]
[Result "1-0"]
[WhiteElo "1569"]
[BlackElo "1524"]

1. e4 e5 2. Nf3 d6 3. c3 Nc6 4. d4 Bg4 5. Bb5 Qf6 6. d5 Ne7 7. dxc6 bxc6 8. Ba4
h6 9. Be3 O-O-O 10. Nbd2 d5 11. Qc2 d4 12. cxd4 Bxf3 13. Nxf3 exd4 14. Bd2 d3
15. Qb3 g5 16. O-O g4 17. Bc3 Qe6 18. Qxe6+ fxe6 19. Bxh8 c5 20. Ne5 Rd4 21. b3
Rxe4 22. Nxd3 Ng6 23. Bc3 Nf4 24. Nxf4 Rxf4 25. Rae1 c4 26. Rxe6 cxb3 27. axb3
Bb4 28. Bf6 c5 29. g3 Rf3 30. Rd1 c4 31. Rd7 Rd3 32. Re8# 1-0

[Event "AUTO-INT-2188"]
[Site "http://www.queenalice.com/game.php?id=1004443"]
[Date "2011.11.3"]
[Round "1"]
[White "drglaucoprado"]
[Black "tycojp"]
[Result "0-1"]
[WhiteElo "1529"]
[BlackElo "1805"]

1. d4 Nf6 2. g3 d5 3. e3 e6 4. Bg2 Bd6 5. Nc3 Nc6 6. Nh3 e5 7. dxe5 Nxe5 8. Bxd5
Nxd5 9. Qxd5 Bxh3 10. Qxb7 Rb8 11. Qxa7 Bg2 12. Rg1 Nf3+ 13. Kd1 Bc5+ 14. Ke2
Nxg1+ 15. Ke1 Nf3+ 16. Ke2 Bxa7 17. b3 O-O 18. a4 Nxh2 19. f4 Qd6 20. Nb5 Qa6
21. Kf2 Rxb5 22. axb5 Qxa1 23. Kxg2 Qxc1 24. Kxh2 Qxc2+ 25. Kh3 Qxb3 26. e4 Bf2
27. Kg4 Qxg3+ 28. Kf5 Bd4 29. e5 Qg6# 0-1

[Event "AUTO-INT-2188"]
[Site "http://www.queenalice.com/game.php?id=1004444"]
[Date "2011.11.3"]
[Round "1"]
[White "tycojp"]
[Black "drglaucoprado"]
[Result "1/2-1/2"]
[WhiteElo "1955"]
[BlackElo "1524"]

1. d4 d5 2. c4 dxc4 3. Nf3 b5 4. a4 c6 5. e3 g6 6. axb5 cxb5 7. b3 Qc7 8. bxc4
bxc4 9. Qa4+ Bd7 10. Qxc4 Qxc4 11. Bxc4 f6 12. O-O Bg4 13. Bd5 Bxf3 14. Bxf3 Nc6
15. Bxc6+ Kd8 16. Bxa8 Nh6 17. Rxa7 e6 18. Ba3 e5 19. Rd1 Kc8 20. Bxf8 Rxf8 21.
Rxh7 Nf5 22. dxe5 Kb8 23. Be4 Nxe3 24. Rb7+ Kc8 25. Rc1+ Kd8 26. e6 Re8 27. Rcc7
Rxe6 28. Rd7+ Kc8 29. Rg7 Rxe4 30. fxe3 g5 31. Rbf7 Kd8 32. Rg8+ Re8 33. Rxe8+
Kxe8 34. Rxf6 Ke7 35. Rg6 Kf7 36. Rxg5 Kf6 37. h4 Kf7 38. h5 Kf6 39. Rg3 Kf5 40.
h6 Ke4 41. h7 Kd3 42. h8=Q Kc2 43. e4 Kxb1 44. Qc3 Ka2 45. Rd3 Kb1 46. Rd2
1/2-1/2

[Event "Mais uma?"]
[Site "http://www.queenalice.com/game.php?id=1007642"]
[Date "2011.11.12"]
[Round "-"]
[White "drglaucoprado"]
[Black "lcchaves13"]
[Result "0-1"]
[WhiteElo "1538"]
[BlackElo "1543"]

1. d4 d5 2. c4 Nf6 3. Nc3 c6 4. Nf3 e6 5. Bg5 h6 6. Bxf6 gxf6 7. e3 b5 8. cxb5
f5 9. a4 Bb4 10. Ne5 Qg5 11. g4 h5 12. gxf5 exf5 13. Nxc6 Nxc6 14. bxc6 f4 15.
exf4 Qxf4 16. h3 Be7 17. Nxd5 Qe4+ 18. Kd2 Qxh1 19. Nc7+ Kd8 20. Nxa8 Qxc6 21.
Nc7 Qxc7 22. Qf3 Qa5+ 23. Ke3 Bg5+ 24. Kd3 Qd2+ 25. Ke4 Bb7+ 26. d5 Qxd5# 0-1

[Event "Challenge"]
[Site "http://www.queenalice.com/game.php?id=1041069"]
[Date "2012.3.21"]
[Round "-"]
[White "drglaucoprado"]
[Black "Koukin"]
[Result "0-1"]
[WhiteElo "1570"]
[BlackElo "1566"]

1. c4 e5 2. Nf3 d6 3. d3 Bg4 4. h3 Bh5 5. g4 Bg6 6. Bg2 Nc6 7. d4 Qe7 8. e3 Nf6
9. dxe5 Nxe5 10. Nxe5 Qxe5 11. Bxb7 Rb8 12. f4 Qe6 13. b3 Rxb7 14. f5 Qe4 15.
O-O Bh5 16. gxh5 c6 17. Bb2 Qxe3+ 18. Rf2 Ne4 19. Qf1 Nxf2 20. Qxf2 Qxh3 21. f6
Qxh5 22. fxg7 Qg5+ 23. Qg2 Qxg2+ 24. Kxg2 Bxg7 25. Bxg7 Rg8 26. Nc3 Rxg7+ 27.
Kf2 Re7 28. a4 Rg6 29. b4 Re5 30. b5 Rf6+ 31. Kg3 Rg5+ 32. Kh4 Rfg6 33. Ne4 Rg4+
34. Kh3 Rxe4 35. c5 dxc5 36. Rc1 Re5 37. Kh4 Reg5 38. Re1+ Kd7 39. bxc6+ Kxc6
40. Re7 f6 41. Rxh7 c4 42. a5 c3 43. Rh8 Kb7 44. Rh5 c2 45. Rxg5 Rxg5 46. a6+
Kxa6 47. Kh3 c1=Q 48. Kh2 Qg1+ 0-1

[Event "Challenge"]
[Site "http://www.queenalice.com/game.php?id=1041070"]
[Date "2012.3.21"]
[Round "-"]
[White "drglaucoprado"]
[Black "pjbrito"]
[Result "1-0"]
[WhiteElo "1579"]
[BlackElo "1574"]

1. c4 d5 2. cxd5 Nf6 3. e4 Nxe4 4. Qa4+ c6 5. dxc6 Qd5 6. cxb7+ Bd7 7. bxa8=Q
Qxa8 8. Qd4 Qc6 9. Nc3 Nc5 10. d3 Nba6 11. Be3 e6 12. O-O-O Qd6 13. Nf3 Qxd4 14.
Bxd4 f6 15. Be3 e5 16. d4 Na4 17. Bxa6 Nxc3 18. bxc3 Ba3+ 19. Kb1 Bf5+ 20. Ka1
O-O 21. dxe5 fxe5 22. Nxe5 Rc8 23. Nc4 Rc6 24. Bb5 Rc7 25. Nxa3 Rxc3 26. Nc4 1-0

[Event "Challenge"]
[Site "http://www.queenalice.com/game.php?id=1041071"]
[Date "2012.3.21"]
[Round "-"]
[White "drglaucoprado"]
[Black "Tuco"]
[Result "1-0"]
[WhiteElo "1564"]
[BlackElo "1536"]

1. f4 d5 2. g3 f5 3. Bg2 Nc6 4. Nc3 e6 5. Nf3 h6 6. O-O Bc5+ 7. e3 Nf6 8. Ne5
Nb4 9. a3 Nc6 10. Nxc6 bxc6 11. b4 Bb6 12. d4 Ng4 13. h3 Nf6 14. g4 fxg4 15.
hxg4 O-O 16. g5 hxg5 17. fxg5 Ne4 18. Rxf8+ Qxf8 19. Bxe4 dxe4 20. Nxe4 Ba6 21.
Bb2 1-0

[Event "Challenge"]
[Site "http://www.queenalice.com/game.php?id=1041072"]
[Date "2012.3.21"]
[Round "-"]
[White "drglaucoprado"]
[Black "vivi_jamile"]
[Result "1-0"]
[WhiteElo "1554"]
[BlackElo "1456"]

1. f4 d5 2. b4 Na6 3. a3 Nf6 4. Bb2 e6 5. Nc3 c6 6. g3 Ne4 7. Nxe4 dxe4 8. Bg2
Bd6 9. Bxg7 Rg8 10. Be5 f5 11. d3 exd3 12. Qxd3 Be7 13. Qxd8+ Kxd8 14. Rd1+ Bd7
15. Nf3 b5 16. Nd4 c5 17. Bxa8 cxd4 18. Bxd4 Kc7 19. Bg2 Bc6 20. Bxc6 Kxc6 21.
Bxa7 Nc7 22. Rc1 Ra8 23. Bc5 Bxc5 24. bxc5 Kxc5 25. Ra1 Ra4 26. O-O b4 27. Rfd1
bxa3 28. Rd8 Nb5 29. h4 h5 30. e3 a2 31. Re8 Na3 32. Rxa2 Kb5 33. Rxe6 Nxc2 34.
Re5+ Kb4 35. Rxa4+ Kxa4 36. e4 Ne3 37. exf5 Ng4 38. Re6 Kb3 39. f6 Kc3 40. f7
Nh6 41. f8=Q Nf5 42. Qxf5 Kd2 43. Qd5+ Kc1 44. Rc6+ Kb1 45. Qb3+ Ka1 46. Ra6#
1-0

[Event "AUTO-INT-2277"]
[Site "http://www.queenalice.com/game.php?id=1041291"]
[Date "2012.3.21"]
[Round "1"]
[White "rafa_sax88"]
[Black "drglaucoprado"]
[Result "0-1"]
[WhiteElo "1473"]
[BlackElo "1539"]

1. e4 e5 2. Nf3 f6 3. Nc3 Bb4 4. a3 Bxc3 5. dxc3 b6 6. Qd5 c6 7. Qd6 Ne7 8. Bc4
Ba6 9. Bb3 h6 10. Bd2 c5 11. Ba4 f5 12. Nxe5 O-O 13. Bb3+ c4 14. Nxc4 Bxc4 15.
Bxc4+ Kh7 16. Qd3 Nbc6 17. exf5 Nxf5 18. O-O-O g6 19. Bd5 Qh4 20. g3 Qh3 21. Qa6
Nd6 22. Rhe1 Rxf2 23. Be3 Rxh2 24. Bxb6 Qxg3 25. Qb7 Rb8 26. Qxd7+ Kh8 27. Bd4+
Nxd4 28. cxd4 Qf2 29. Qc7 Rc8 30. Re8+ Rxe8 31. Bb3 Re1 32. Qd8+ Ne8 33. Qd5
Rxd1+ 34. Kxd1 Qd2# 0-1

[Event "AUTO-INT-2277"]
[Site "http://www.queenalice.com/game.php?id=1041292"]
[Date "2012.3.21"]
[Round "1"]
[White "drglaucoprado"]
[Black "rafa_sax88"]
[Result "1-0"]
[WhiteElo "1552"]
[BlackElo "1460"]

1. c4 e5 2. e4 Nf6 3. d3 Bb4+ 4. Bd2 Nc6 5. a3 Bxd2+ 6. Qxd2 Nd4 7. Nf3 Nb3 8.
Qg5 g6 9. Ra2 Nc5 10. Qxe5+ Ne6 11. Nc3 h5 12. Ng5 d6 13. Nxe6 Bxe6 14. Qg5 Qe7
15. g3 O-O-O 16. e5 dxe5 17. Nb5 h4 18. Nxa7+ Kb8 19. Nb5 Qc5 20. Qxf6 c6 21.
Nc3 Qd6 22. b4 Bxc4 23. Qxd6+ Rxd6 24. dxc4 Rhd8 25. c5 Rd4 26. Ra1 Rd2 27. gxh4
f5 28. Rd1 Rxd1+ 29. Nxd1 e4 30. Rg1 f4 31. Rxg6 e3 32. fxe3 f3 33. h5 Rd5 34.
h6 Rf5 35. h7 1-0

[Event "AUTO-INT-2277"]
[Site "http://www.queenalice.com/game.php?id=1041303"]
[Date "2012.3.21"]
[Round "1"]
[White "kumite"]
[Black "drglaucoprado"]
[Result "0-1"]
[WhiteElo "1525"]
[BlackElo "1566"]

1. g3 b6 2. Bg2 Nc6 3. a4 Bb7 4. a5 b5 5. a6 Bc8 6. d4 d5 7. b3 Nb4 8. Ba3 Nxa6
9. Bxd5 Rb8 10. Nf3 Bd7 11. Ng5 e6 12. Bg2 f6 13. Ne4 Bxa3 14. Rxa3 f5 15. Nec3
Rb6 16. b4 Rd6 17. O-O e5 18. Qd2 exd4 19. Na2 Bc8 20. Ra5 Qd7 21. e4 fxe4 22.
Qf4 d3 23. Qxe4+ Ne7 24. cxd3 O-O 25. Nac3 c6 26. Nxb5 cxb5 27. Re1 Nc6 28. Rxb5
Ncxb4 29. Rh5 h6 30. Nd2 Nxd3 31. Qc4+ Rf7 32. Ne4 Nxe1 33. g4 Nxg2 34. Kxg2 Rd4
35. Qe2 Bb7 36. f3 Bxe4 37. fxe4 Nc5 38. Rxc5 Qxg4+ 39. Qxg4 Rf6 40. Rc8+ Kh7
41. Rc2 a5 42. Rc7 Rg6 43. Qxg6+ Kxg6 44. e5 a4 45. e6 Rd8 46. e7 Re8 47. h4 Kf7
48. Kf3 Rxe7 49. Rc4 a3 50. Ra4 g5 51. h5 Kf6 52. Rxa3 Kf5 53. Ra5+ Re5 54.
Rxe5+ Kxe5 55. Kg4 Kf6 56. Kg3 Kf5 57. Kf3 g4+ 58. Kg3 Kg5 59. Kg2 Kxh5 60. Kg3
Kg5 61. Kf2 Kh4 62. Kg2 g3 63. Kg1 Kh3 64. Kh1 Kg4 65. Kg2 h5 66. Kg1 h4 67. Kg2
h3+ 68. Kh1 g2+ 69. Kg1 Kf3 70. Kh2 Kf2 71. Kxh3 g1=Q 72. Kh4 Kf3 73. Kh5 Qg4+
74. Kh6 Kf4 75. Kh7 Kf5 76. Kh6 Kf6 77. Kh7 Qg7# 0-1

[Event "AUTO-INT-2277"]
[Site "http://www.queenalice.com/game.php?id=1041304"]
[Date "2012.3.21"]
[Round "1"]
[White "drglaucoprado"]
[Black "kumite"]
[Result "0-1"]
[WhiteElo "1595"]
[BlackElo "1372"]

1. c4 g6 2. b3 a5 3. d4 Bg7 4. Bb2 a4 5. b4 a3 6. Qb3 c6 7. Bxa3 b6 8. g3 Bxd4
9. Nc3 b5 10. O-O-O Bxf2 11. cxb5 cxb5 12. Bg2 d6 13. Bxa8 d5 14. Rxd5 Nd7 15.
Bc6 Nf6 16. Bxd7+ Bxd7 17. Rd2 O-O 18. Rd1 Be3+ 19. Kb1 Qa8 20. Nf3 Bf5+ 21. Kb2
Be4 22. Nxe4 Nxe4 23. Qxe3 Nd6 24. Kb3 Rc8 25. Rc1 Nc4 26. Qxe7 Qxa3+ 27. Kc2
Qb2+ 28. Kd3 Rc6 29. Nd4 Qd2+ 30. Ke4 Nd6+ 31. Kd5 Nf5 32. Qe8+ Kg7 33. Kxc6
Qxd4 34. Kxb5 Nd6+ 35. Ka4 Nxe8 36. Rhd1 Qa7+ 37. Kb3 Nc7 38. Rd7 Qe3+ 39. Rc3
Qe6+ 40. Ka4 Qxd7+ 41. Ka5 Qb5# 0-1

[Event "AUTO-INT-2277"]
[Site "http://www.queenalice.com/game.php?id=1041309"]
[Date "2012.3.21"]
[Round "1"]
[White "Arwan"]
[Black "drglaucoprado"]
[Result "1-0"]
[WhiteElo "1702"]
[BlackElo "1522"]

1. e4 e5 2. Nf3 Nc6 3. Bc4 a6 4. d4 exd4 5. Nxd4 b5 6. Bd5 Bc5 7. Nxc6 Qh4 8.
Nd4 Rb8 9. Qf3 f6 10. Nf5 Qg5 11. Bxg5 fxg5 12. Nxg7+ Ke7 13. Qf7+ Kd6 14. Nf5+
Ke5 15. f4+ gxf4 16. Qg7+ Nf6 17. Nd2 Re8 18. Nf3# 1-0

[Event "AUTO-INT-2277"]
[Site "http://www.queenalice.com/game.php?id=1041310"]
[Date "2012.3.21"]
[Round "1"]
[White "drglaucoprado"]
[Black "Arwan"]
[Result "1-0"]
[WhiteElo "1513"]
[BlackElo "1759"]

1. c4 e5 2. e4 Nf6 3. Nc3 c6 4. Nf3 d5 5. exd5 cxd5 6. Nxe5 Nc6 7. Nxc6 bxc6 8.
cxd5 Nxd5 9. g3 Bc5 10. Qe2+ Be6 11. Bg2 O-O 12. O-O Qd7 13. a3 Rfe8 14. Nxd5
Bxd5 15. Qd3 Rad8 16. Bxd5 Qxd5 17. Qxd5 Rxd5 18. b4 Bb6 19. Kg2 a5 20. bxa5
Bxa5 21. Rd1 Bc3 22. Ra2 Re2 23. Rc2 Ba5 24. Rxc6 h6 25. d3 Rde5 26. d4 Re8 27.
d5 Be1 28. d6 Bxf2 29. d7 Bb6+ 30. Kf1 R8e6 31. Rxb6 1-0

[Event "Challenge"]
[Site "http://www.queenalice.com/game.php?id=1075170"]
[Date "2012.6.23"]
[Round "-"]
[White "MASTROIANNI"]
[Black "drglaucoprado"]
[Result "0-1"]
[WhiteElo "1652"]
[BlackElo "1580"]

1. d4 d5 2. f4 Nf6 3. e3 Bf5 4. h3 e6 5. g4 Be4 6. Nf3 Nc6 7. Bg2 Bb4+ 8. c3 Bd6
9. g5 Nd7 10. Nbd2 Bd3 11. Nb3 Bf5 12. Qe2 O-O 13. h4 Re8 14. Bd2 a5 15. Qb5 a4
16. Nc1 Qb8 17. O-O a3 18. b3 Be4 19. Ne2 Ra5 20. Qxa5 Nxa5 21. c4 b6 22. cxd5
exd5 23. Rac1 Bd3 24. Rf2 Bxe2 25. Rxe2 Bxf4 26. Rf2 Bxe3 27. Bxe3 Rxe3 28. Rfc2
c6 29. b4 Nc4 30. Kf2 Qf4 31. h5 Nd2 32. Rxd2 Rxf3+ 0-1

[Event "Challenge"]
[Site "http://www.queenalice.com/game.php?id=1083491"]
[Date "2012.7.17"]
[Round "-"]
[White "yasseryack"]
[Black "drglaucoprado"]
[Result "1-0"]
[WhiteElo "1798"]
[BlackElo "1590"]

1. e4 c6 2. Nf3 d5 3. exd5 cxd5 4. d4 Nc6 5. Bf4 g6 6. Qd2 Bg7 7. Bb5 Bg4 8. Ne5
Bxe5 9. Bxe5 f6 10. Bg3 Qb6 11. Nc3 a6 12. Bxc6+ bxc6 13. Na4 Qb5 14. b3 Rd8 15.
f3 Bf5 16. Nc5 e5 17. a4 Qb6 18. a5 Qb5 19. c3 Ne7 20. Bf2 exd4 21. Bxd4 O-O 22.
Ra4 Rfe8 23. Kf2 Nc8 24. Re1 Rxe1 25. Qxe1 Nd6 26. Rb4 Qxa5 27. Nb7 Nxb7 28.
Rxb7 Bc8 29. Re7 Rf8 30. Re8 Bf5 31. Bxf6 Qc7 32. Re7 Qd6 33. Rg7+ Kh8 34. Be5
Qc5+ 35. Bd4 Qxd4+ 36. cxd4 Kxg7 37. g4 Bxg4 38. Qe5+ Rf6 39. f4 a5 40. Ke3 Bd1
41. Qe7+ Rf7 42. Qa3 Rb7 43. Qxa5 Re7+ 44. Kd3 Bxb3 45. Qb4 Bc4+ 46. Kd2 Re2+
47. Kd1 Bb5 48. h4 Kf7 49. Qd6 Re4 50. Qd7+ Re7 51. Qd8 Re4 52. Qh8 h5 53. Kd2
Rxf4 54. Qh7+ Kf6 55. Qh8+ Kf5 56. Qe5+ Kg4 57. Qe6+ Kxh4 58. Qxg6 Rxd4+ 59. Kc3
Rc4+ 60. Kd2 Rg4 61. Qf6+ Kh3 62. Qf5 h4 63. Ke3 Ba6 64. Kf3 Be2+ 65. Kxe2 d4
66. Kf3 d3 67. Qxg4+ Kh2 68. Qg2# 1-0

[Event "Challenge"]
[Site "http://www.queenalice.com/game.php?id=1083492"]
[Date "2012.7.17"]
[Round "-"]
[White "drglaucoprado"]
[Black "yasseryack"]
[Result "0-1"]
[WhiteElo "1599"]
[BlackElo "1781"]

1. Nf3 c5 2. g3 b6 3. Bg2 Bb7 4. O-O f5 5. d4 d6 6. d5 Nf6 7. c4 Nbd7 8. Nc3 Ba6
9. Qa4 Qc8 10. Ng5 Rb8 11. Re1 g6 12. e4 Bg7 13. exf5 gxf5 14. Ne6 Rg8 15. Qxa6
Qxa6 16. Nc7+ Kd8 17. Nxa6 Rb7 18. Re2 Ne5 19. b3 Nd3 20. Be3 Ng4 21. Rb1 Bxc3
22. f3 Nxe3 23. Rxe3 Bd4 24. Kf1 Bxe3 25. Ke2 Nb4 26. Nxb4 cxb4 27. Kxe3 h5 28.
Kf4 b5 29. Kxf5 bxc4 30. bxc4 a5 31. Ke6 a4 32. f4 h4 33. Kf7 Rh8 34. g4 b3 35.
a3 Rc7 36. Bf1 Rh7+ 37. Kg6 e6 38. Kf6 exd5 39. cxd5 Rhf7+ 40. Ke6 Rxf4 41. h3
Rf2 42. Bb5 b2 43. Bxa4 Rc1 44. Rxb2 Rxb2 45. Kxd6 Ra1 46. g5 Rxa3 47. Bd7 Rg2
0-1

[Event "Challenge"]
[Site "http://www.queenalice.com/game.php?id=1089541"]
[Date "2012.8.2"]
[Round "-"]
[White "drglaucoprado"]
[Black "animis"]
[Result "1-0"]
[WhiteElo "1582"]
[BlackElo "1969"]

1. d4 d5 2. c4 Nf6 3. cxd5 Nxd5 4. e4 Nf6 5. Nc3 e6 6. Nf3 c6 7. Bd3 Be7 8. O-O
Nbd7 9. e5 Nd5 10. Nxd5 cxd5 11. Be3 O-O 12. a4 Nb6 13. a5 Nc4 14. Qc2 Nxa5 15.
Bxh7+ Kh8 16. Bd3 Bd7 17. b3 Rc8 18. Qb1 Bb4 19. h4 Nc6 20. Rc1 Be7 21. h5 Nb4
22. Rxc8 Qxc8 23. Rxa7 Nxd3 24. Qxd3 Bc6 25. h6 g6 26. Bg5 Qd8 27. Bxe7 Qxe7 28.
Qc3 Rc8 29. Qc1 Qb4 30. Qf4 Qe7 31. Qg5 Rc7 32. Ra8+ Kh7 33. Qf4 Be8 34. Ng5+
Kh8 35. Qf6+ 1-0

[Event "Challenge"]
[Site "http://www.queenalice.com/game.php?id=1107137"]
[Date "2012.9.28"]
[Round "-"]
[White "drglaucoprado"]
[Black "rodrigomni"]
[Result "0-1"]
[WhiteElo "1612"]
[BlackElo "1472"]

1. c4 e5 2. Nc3 d6 3. Nf3 Bd7 4. d4 e4 5. Nxe4 Qe7 6. Nc3 Nf6 7. Bg5 Nc6 8. Nd5
Qd8 9. e4 h6 10. Nxf6+ gxf6 11. Be3 f5 12. Bd3 fxe4 13. Bxe4 Rg8 14. g3 Rg4 15.
Bxc6 bxc6 16. h3 Re4 17. Qd3 Re7 18. O-O Bxh3 19. Rfe1 Qd7 20. Qh7 Bf5 21. Qh8
O-O-O 22. Bxh6 Bxh6 23. Qxh6 Be4 24. Ng5 Bd3 25. b3 Rde8 26. Nf3 f6 27. Rxe7
Rxe7 28. Qxf6 Rf7 29. Ne5 Qh3 30. Qh4 Qxh4 31. gxh4 Rg7+ 32. Kh2 dxe5 33. dxe5
Bf5 34. Rg1 Rxg1 35. Kxg1 Kd7 36. Kg2 c5 37. Kg3 Ke7 38. Kf4 Bb1 39. Kg5 Bxa2
40. h5 Kf8 41. Kf6 Bxb3 42. h6 Kg8 43. e6 Bxc4 44. Ke7 Bxe6 45. Kxe6 c4 46. Ke7
c3 47. f4 c2 48. f5 c1=Q 49. f6 Qg5 50. h7+ Kxh7 51. Kf7 c5 52. Ke6 Qxf6+ 53.
Kxf6 c4 54. Ke6 c3 55. Kd6 c2 56. Kc6 c1=Q+ 57. Kb7 a5 58. Ka6 a4 59. Ka5 a3 60.
Ka4 a2 61. Kb4 a1=Q 62. Kb3 Qab1+ 63. Ka4 Qc4+ 64. Ka3 Qcb3# 0-1